Klíčové kompetence a jejich rozvíjení východiska, metody, cvičení a hry

Na minha lista:
Detalhes bibliográficos
Autor principal: Belz, Horst
Outros Autores: Siegrist, Marco, Lisá, Dana
Formato: Livro
Idioma:tcheco
Publicado em: Praha Portál 2001
Assuntos:
Tags: Adicionar Tag
Sem tags, seja o primeiro a adicionar uma tag!

MARC

LEADER 00000nam$a2200000$$$4500
001 0038712
005 20221129101026.3
020 |a 80-7178-479-6 
041 0 |a cze 
044 |a CZ 
245 1 0 |a Klíčové kompetence a jejich rozvíjení  |b východiska, metody, cvičení a hry  |c Horst Belz, Marco Siegrist ; přeložila: Dana Lisá 
264 1 |a Praha  |b Portál  |c 2001 
300 |a 375 s. 
610 2 0 |a nezamestnanosť 
610 2 0 |a vzdelávanie 
610 2 0 |a príležitosť pracovná 
610 2 0 |a zručnosti 
610 2 0 |a skupiny záujmové 
610 2 0 |a metodika 
610 2 0 |a didaktika 
610 2 0 |a kurzy 
610 2 0 |a kompetencie 
610 2 0 |a komunikácia 
610 2 0 |a kooperácia 
610 2 0 |a kreativita 
610 2 0 |a zodpovednosť 
610 2 0 |a schopnosti pracovné 
100 1 |a Belz, Horst 
700 1 |a Siegrist, Marco 
700 1 |a Lisá, Dana